000
00328nam a22001457a 4500
008
211012b ||||| |||| 00| 0 eng d
020
_a
9781582555553
041
_a
eng
080
_a
616
082
_a
616
100
_a
9
101
_a
PAT
245
_a
Pathophysiology made incredibly Visual!
_c
Williams,L
942
_2
udc
_c
BK
999
_c
58186
_d
58186